期刊信息 |
| 索取号 |
C5/KFSH
|
| 题名 |
开封师专学报
|
| 作者 |
|
| 分册号 |
|
| 分册名 |
|
| 出版地 |
开封(河南)
|
| 出版者 |
该刊编辑部
|
| 标准刊号 |
|
| 出版频率 |
季刊
|
| 中图法分类 |
G65 C
|
| 主题词 |
社会科学 丛书; 社会科学 文集; 社会科学 连续出版物
|
| 电子资源 | |
| |
|
| 000 | 01064nas002200313 45 | |
| 001 | 1196061569 | |
| 005 | 20070416110544.57 | |
| 011 | @d¥1.50(1990) | |
| 021 | @aCN@b河南6-82 | |
| 100 | @a19930616a19859999m y0chiy0121 eb | |
| 101 | 0 | @achi@eeng |
| 102 | @aCN@b410000 | |
| 110 | @aahaz 0yu0 | |
| 200 | 1 | @a开封师专学报@AKAI FENG SHI ZHUAN XUE BAO@i社会科学版@ISHE HUI KE XUE BAN@dJournal of Kaifeng Normal College@zeng |
| 207 | 0 | @a1985,no.1(1985,6)~1986,no.2(1986,9)=[总1~4];1987,no.1(1987,3)~=总5~ |
| 210 | @a开封(河南)@b河南省开封市中山路北段114号(邮码475000)@c该刊编辑部@d1985~ | |
| 215 | @d26cm | |
| 326 | @a季刊@b1988~ | |
| 326 | @a半年刊@b1985~87 | |
| 510 | 1 | @aJournal of kaifeng Normal College@iEdition of social science@zeng |
| 540 | 1 | @a开封 师专 学报 社会科学@AKAI FENG SHI ZHUAN XUE BAO SHE HUI KE XUE |
| 606 | 0 | @a社会科学@x丛书 |
| 606 | 0 | @a社会科学@x文集 |
| 606 | 0 | @a社会科学@x连续出版物 |
| 676 | @a300@v19 | |
| 690 | @aG65 C@v3 | |
| 690 | @aC5@v4 | |
| 801 | 0 | @aCN@bPFT@c20070416 |
| 905 | @a1@cQ@dC5@eKFSH | |
| 开封师专学报.社会科学版=Journal of Kaifeng Normal College.-1985,no.1(1985,6)~1986,no.2(1986,9)=[总1~4];1987,no.1(1987,3)~=总5~.-开封(河南)(河南省开封市中山路北段114号(邮码475000)):该刊编辑部,1985~ |
| 26cm |
| ¥1.50(1990) |
| ● |
| 相关链接: |
|
|
|
|